| 000 | 00644nam a2200229Ia 4500 | ||
|---|---|---|---|
| 008 | 160319s9999 xx 000 0 und d | ||
| 020 | _a978-971-928239-6 | ||
| 050 | _aFIL PE 1112 | ||
| 050 | _b.C37 2009 | ||
| 100 | _aCarillo, Jose A. | ||
| 245 | _aGive your English the winning edge / | ||
| 245 | _cJose A. Carillo. | ||
| 260 | _aManila: | ||
| 260 | _bThe Manila Times Pub. Corp., | ||
| 260 | _c2009 | ||
| 300 | _a463 pages : | ||
| 300 | _billustrations ; | ||
| 300 | _c23 cm. | ||
| 500 | _aIncludes bibliographical references and index. | ||
| 650 | _aEnglish language -- Grammar. 2 | ||
| 650 | _xEnglish language -- Usage. | ||
| 999 |
_c291780 _d291780 |
||